000
00250nam a2200109 a 4500
005
20140513081051.0
008
020606s19uu xx 00 eng d
050
_a
P 728
_b
TYP
245
_a
Type of houses.
650
_a
Houses
_x
Poster
999
_c
116323
_d
116323